Aclamaciones de los monarcas católicos en el Nuevo Mundo / (Record no. 163960)
[ view plain ]
| 000 -LEADER | |
|---|---|
| campo de control de longitud fija | 00947nam a22002535i 4500 |
| 001 - NÚMERO DE CONTROL | |
| campo de control | 163960 |
| 003 - IDENTIFICADOR DE NÚMERO DE CONTROL | |
| campo de control | ES-MaACL |
| 005 - FECHA Y HORA DE LA ÚLTIMA TRANSACCIÓN | |
| campo de control | 20250822235201.0 |
| 008 - DATOS DE LONGITUD FIJA--INFORMACIÓN GENERAL | |
| campo de control de longitud fija | 981002s1895 ag a |||| | spa d |
| 040 ## - FUENTE DE CATALOGACIÓN | |
| Centro catalogador/agencia de origen | CCPB | B |
| Lengua de catalogación | spa |
| Centro/agencia transcriptor | CCPB | B |
| 100 1# - ENTRADA PRINCIPAL--NOMBRE DE PERSONA | |
| Nombre de persona | Rosa, Alejandro. |
| 9 (RLIN) | 132057 |
| 245 10 - MENCIÓN DEL TÍTULO | |
| Título | Aclamaciones de los monarcas católicos en el Nuevo Mundo / |
| Mención de responsabilidad, etc. | por Alejandro Rosa ; con un preliminar histórico por el D\pr\s. Angel Justiniano Carranza. |
| 260 ## - PUBLICACIÓN, DISTRIBUCIÓN, ETC. | |
| Lugar de publicación, distribución, etc. | Buenos Aires : |
| Nombre del editor, distribuidor, etc. | [s.n.], |
| Fecha de publicación, distribución, etc. | 1895 ( |
| Fabricante | Imprenta Martín Biedma) |
| 300 ## - DESCRIPCIÓN FÍSICA | |
| Extensión | XXVII, 428 p., [26] h. de lám. ; |
| Dimensiones | 37 cm. |
| 490 1# - MENCIÓN DE SERIE | |
| Mención de serie | Estudios Numismáticos |
| 500 #1 - NOTA GENERAL | |
| Nota general | En cub.: Juras Reales. |
| 597 #1 - NOTA DE DESCRIPCIÓN FÍSICA | |
| NOTA DE DESCRIPCIÓN FÍSICA | Antep. y colofón. |
| 650 #7 - PUNTO DE ACCESO ADICIONAL DE MATERIA--TÉRMINO DE MATERIA | |
| Término de materia o nombre geográfico como elemento de entrada | Numismática |
| Fuente del encabezamiento o término | embne |
| 9 (RLIN) | 15648 |
| 700 11 - ENTRADA AGREGADA--NOMBRE PERSONAL | |
| Nombre de persona | Carranza, Angel Justiniano. |
| 9 (RLIN) | 126349 |
| 752 ## - ENTRADA AGREGADA--NOMBRE JERÁRQUICO DEL LUGAR | |
| País o entidad superior | Argentina - |
| Ciudad | Buenos Aires |
| 830 0# - PUNTO DE ACCESO ADICIONAL DE SERIE-TÍTULO UNIFORME | |
| Título uniforme | Estudios Numismáticos |
| 9 (RLIN) | 222319 |
| 852 ## - LOCALIZACIÓN | |
| Ubicación | ES-MaACL |
| Número de control de estantería | G-5394 |
| Nota libre | -- Enc. tela |
| Estatus retirado | Estado de pérdida | Estado de daño | No para préstamo | Colección | Biblioteca de origen | Biblioteca actual | Ubicación en estantería | Fecha de adquisición | Fuente de adquisición | Total de préstamos | Signatura topográfica completa | Código de barras | Visto por última vez | Precio de reemplazo | Tipo de ítem Koha |
|---|---|---|---|---|---|---|---|---|---|---|---|---|---|---|---|
| Libros del s. XIX | Biblioteca del Ateneo de Madrid | Biblioteca del Ateneo de Madrid | Depósito 2 | 17/01/2008 | G-5394 | 1171843 | 23/02/2023 | 23/02/2023 | Libro impreso antiguo |
